[Event "ch-ISR 2016"]
[Site "Tiberias ISR"]
[Date "2016.12.09"]
[Round "5.7"]
[White "Reshef, Omer"]
[Black "Drori, Saar"]
[Result "1-0"]
[WhiteTitle "IM"]
[BlackTitle "FM"]
[WhiteElo "2435"]
[BlackElo "2318"]
[WhiteFideId "2804336"]
[BlackFideId "2812444"]
[EventDate "2016.12.05"]

1. e4 c5 2. Nf3 d6 3. Bb5+ Nd7 4. O-O a6 5. Bd3 Ngf6 6. c3 b5 7. Bc2 Bb7 8. Re1
c4 9. b3 Rc8 10. a4 cxb3 11. Bxb3 Nc5 12. axb5 axb5 13. d3 e6 14. Na3 Qb6 15.
Bc2 Be7 16. Rb1 O-O 17. Nxb5 Ra8 18. Bg5 Qc6 19. Bxf6 Bxf6 20. d4 Nd7 21. Nxd6
Qxd6 22. Rxb7 e5 23. Ba4 Nb6 24. dxe5 Qxd1 25. Bxd1 Bd8 26. Bb3 Rc8 27. e6 Rxc3
28. exf7+ Kh8 29. Nd4 1-0

[Event "ch-ISR 2016"]
[Site "Tiberias ISR"]
[Date "2016.12.09"]
[Round "5.8"]
[White "Zanan, Evgeny"]
[Black "Golod, Vitali"]
[Result "0-1"]
[WhiteTitle "FM"]
[BlackTitle "GM"]
[WhiteElo "2434"]
[BlackElo "2549"]
[WhiteFideId "24101940"]
[BlackFideId "2804140"]
[EventDate "2016.12.05"]

1. d4 Nf6 2. Bf4 e6 3. e3 d5 4. Nf3 c5 5. c3 Nc6 6. Nbd2 Bd6 7. Bg3 O-O 8. Bb5
a6 9. Bxc6 bxc6 10. Qa4 Bxg3 11. hxg3 Qb6 12. Qa3 Nd7 13. O-O Rb8 14. b3 a5 15.
Ne5 Nxe5 16. dxe5 Ba6 17. Rfd1 Be2 18. Rdc1 c4 19. Qe7 Bd3 20. Qh4 Qb5 21. Qd4
c5 22. Qf4 a4 23. bxc4 Qb2 24. e4 dxc4 25. Nf1 Bxf1 26. Rxf1 Qxc3 27. Qc1 Qxe5
28. Qxc4 Rb4 29. Qa6 Rxe4 30. Rac1 Qd5 31. Rc2 Rd4 32. Qb5 Rd1 33. a3 Rd8 34.
Rc1 Rxf1+ 35. Rxf1 Qd4 36. Rc1 g6 37. Rxc5 Qa1+ 38. Kh2 Qxa3 39. Qa5 Rd5 40.
Rxd5 exd5 41. Qxd5 Qa1 42. f4 a3 43. f5 Kg7 44. Qa8 Qb2 45. g4 a2 46. f6+ Kh6
47. g5+ Kxg5 0-1

[Event "ch-ISR 2016"]
[Site "Tiberias ISR"]
[Date "2016.12.09"]
[Round "5.9"]
[White "Shachar, Ehud"]
[Black "Gershkowich, David"]
[Result "1-0"]
[WhiteTitle "FM"]
[BlackTitle "FM"]
[WhiteElo "2356"]
[BlackElo "2191"]
[WhiteFideId "2802198"]
[BlackFideId "2803356"]
[EventDate "2016.12.05"]

1. e4 c5 2. Nf3 d6 3. c3 Nf6 4. Be2 Nbd7 5. d3 b6 6. O-O Bb7 7. Nbd2 g6 8. Re1
Bg7 9. Bf1 O-O 10. h3 a6 11. b3 b5 12. Bb2 e5 13. a4 Re8 14. axb5 axb5 15. Rxa8
Qxa8 16. Qc2 d5 17. Ra1 Qb8 18. Qb1 d4 19. Ra5 Qc7 20. Qa2 Qb6 21. b4 dxc3 22.
Bxc3 cxb4 23. Bxb4 h6 24. Qa3 Qc6 25. Nb1 Ra8 26. Nc3 Rxa5 27. Qxa5 Ba6 28. Qd8+
Kh7 29. Be2 Qb6 30. Qa8 Bb7 31. Qa2 Kg8 32. Bd1 Qa6 33. Qb1 Bc6 34. Bb3 Qa8 35.
Ba2 Bf8 36. Qb3 Qe8 37. Bxf8 Kxf8 38. Nxb5 Nc5 39. Qc4 Qe7 40. Nd6 Bd5 41. Qxc5
Bxa2 42. Nxe5 Kg8 43. d4 Kh7 44. Ndxf7 Qxc5 45. dxc5 Nxe4 46. c6 Be6 47. Nd8 Bc8
48. Nc4 Kg8 49. Nb7 1-0

[Event "ch-ISR 2016"]
[Site "Tiberias ISR"]
[Date "2016.12.09"]
[Round "5.10"]
[White "Gamayev, Oleg"]
[Black "Chernomordik, Pavel"]
[Result "1/2-1/2"]
[BlackTitle "FM"]
[WhiteElo "2238"]
[BlackElo "2254"]
[WhiteFideId "2802813"]
[BlackFideId "2804530"]
[EventDate "2016.12.05"]

1. c4 g6 2. g3 Bg7 3. Bg2 Nc6 4. Nc3 e5 5. d3 d6 6. e3 Nge7 7. Nge2 O-O 8. O-O
Be6 9. Rb1 Qd7 10. b4 Bh3 11. Nd5 Bxg2 12. Nxe7+ Nxe7 13. Kxg2 d5 14. e4 dxc4
15. dxc4 Qc6 16. Qc2 b5 17. Be3 f5 18. f3 fxe4 19. Qxe4 Qxc4 20. Qxc4+ bxc4 21.
Bc5 Rfe8 22. Bxe7 Rxe7 23. Rbc1 e4 24. f4 Rd8 25. Rxc4 Rd2 26. Kf2 Rxa2 27. Rfc1
c6 28. Rxc6 Bd4+ 29. Kf1 Bb6 30. R1c2 Ra1+ 31. Kg2 Rb1 32. Nc3 Rg1+ 1/2-1/2

[Event "ch-ISR 2016"]
[Site "Tiberias ISR"]
[Date "2016.12.09"]
[Round "5.11"]
[White "Gruenfeld, Yehuda"]
[Black "Aharon, Ofir"]
[Result "1-0"]
[WhiteTitle "GM"]
[BlackTitle "FM"]
[WhiteElo "2436"]
[BlackElo "2339"]
[WhiteFideId "2800020"]
[BlackFideId "2800683"]
[EventDate "2016.12.05"]

1. e4 c5 2. Nf3 d6 3. Bb5+ Nd7 4. O-O a6 5. Bxd7+ Bxd7 6. d4 cxd4 7. Qxd4 Nf6 8.
Nc3 e5 9. Qd3 h6 10. Re1 Be6 11. Nd2 Rc8 12. Nf1 Be7 13. Ne3 O-O 14. a4 Qb6 15.
Rd1 Qc5 16. a5 Bd8 17. Qxd6 Bxa5 18. Qxc5 Rxc5 19. Ncd5 Bxd5 20. exd5 Bb6 21. c4
Rcc8 22. b3 Bd4 23. Ra2 Ne4 24. Rc2 f5 25. Bb2 Bxb2 26. Rxb2 b5 27. Rc2 bxc4 28.
bxc4 g6 29. f3 Nc5 30. Ra2 Rf6 31. d6 Kf7 32. Ra5 f4 33. Rxc5 Rd8 1-0

[Event "ch-ISR 2016"]
[Site "Tiberias ISR"]
[Date "2016.12.09"]
[Round "5.12"]
[White "Bakalchuk, Johnatan"]
[Black "Mindlin, Alon"]
[Result "1/2-1/2"]
[WhiteTitle "FM"]
[BlackTitle "IM"]
[WhiteElo "2389"]
[BlackElo "2428"]
[WhiteFideId "2810301"]
[BlackFideId "2800071"]
[EventDate "2016.12.05"]

1. g3 e5 2. Nf3 Nc6 3. d4 e4 4. Ne5 d5 5. c4 Bb4+ 6. Nc3 Nge7 7. Bg2 O-O 8. O-O
Nxe5 9. dxe5 c6 10. Qb3 Bxc3 11. Qxc3 Bg4 12. f3 Be6 13. Be3 exf3 14. exf3 dxc4
15. f4 Qd3 16. Bc5 Rfe8 17. Qxd3 cxd3 18. Rfd1 Bc4 19. Be4 Nd5 20. Rac1 Ba6 21.
Bxd3 Bxd3 22. Rxd3 g5 23. Rc4 f6 24. Bd6 Rad8 25. b4 a6 26. a4 Nb6 27. Rcd4 Nd5
28. b5 axb5 29. axb5 Kf7 30. bxc6 bxc6 31. Rc4 gxf4 32. gxf4 Ra8 33. Ra3 Rxa3
34. Bxa3 Rg8+ 35. Kf2 Rg2+ 36. Kf3 Rxh2 37. Rxc6 fxe5 38. fxe5 Rh3+ 39. Ke4 Rxa3
40. Kxd5 Rd3+ 41. Ke4 Rd1 42. Rc7+ Ke6 43. Rc6+ Ke7 44. Rc7+ 1/2-1/2

[Event "ch-ISR 2016"]
[Site "Tiberias ISR"]
[Date "2016.12.09"]
[Round "5.13"]
[White "Lovin, Boris"]
[Black "Parkhov, Yair"]
[Result "1/2-1/2"]
[WhiteElo "2254"]
[BlackElo "2207"]
[WhiteFideId "2808064"]
[BlackFideId "2813408"]
[EventDate "2016.12.05"]

1. d4 e6 2. Nf3 Nf6 3. g3 b5 4. Bg2 Bb7 5. O-O Be7 6. c3 O-O 7. Qb3 a6 8. c4 Nc6
9. Bd2 Ne4 10. Qc2 Nxd2 11. Nbxd2 Nb4 12. Qb1 bxc4 13. a3 Nc6 14. Nxc4 d5 15.
Ne3 a5 16. b3 Na7 17. Rc1 Rc8 18. b4 axb4 19. axb4 Nb5 20. Qb2 Qd6 21. Rc5 Qb6
22. Rcc1 Ra8 23. Nc2 Bf6 24. e3 Nd6 25. Qc3 Ba6 26. Nd2 Rfb8 27. Rab1 Bb5 28.
Na3 Be8 29. Bf1 h5 30. Bd3 Ra4 1/2-1/2

[Event "ch-ISR 2016"]
[Site "Tiberias ISR"]
[Date "2016.12.09"]
[Round "5.14"]
[White "Taichman, Ori"]
[Black "Kraus, Ohad"]
[Result "0-1"]
[WhiteElo "2291"]
[BlackElo "2340"]
[WhiteFideId "2804069"]
[BlackFideId "2811812"]
[EventDate "2016.12.05"]

1. e4 c5 2. Nc3 Nc6 3. Bb5 Nd4 4. Bc4 a6 5. d3 e6 6. Nf3 b5 7. Bb3 Nxb3 8. axb3
Bb7 9. O-O Be7 10. d4 d6 11. d5 e5 12. Ne1 Bf6 13. Nd3 Ne7 14. Qh5 O-O 15. Nd1
g6 16. Qh3 Bg7 17. f4 Bc8 18. Qg3 f5 19. N1f2 fxe4 20. Nxe4 Nxd5 21. fxe5 Rxf1+
22. Kxf1 c4 23. bxc4 bxc4 24. Nf4 dxe5 25. Nxd5 Qxd5 26. Nc3 Qd7 27. Qh4 Qf7+
28. Kg1 Bf5 29. Bh6 Qa7+ 30. Kh1 Qd4 31. Qg5 Bxh6 32. Qxh6 Bxc2 33. Rf1 Qd6 34.
Qh4 Bd3 35. Re1 Rf8 36. h3 Rf4 37. Qg5 Rf5 38. Qg3 Qd4 39. Ra1 Qf2 40. Qxf2 Rxf2
41. Rxa6 Rxb2 42. Ra7 Bf1 43. Kg1 Bxg2 44. Rc7 Bxh3 45. Nd5 h5 46. Nf6+ Kf8 47.
Rxc4 Ke7 48. Ne4 Bf5 49. Ng5 Kf6 50. Nf3 Rb6 51. Kf2 e4 52. Nd2 Re6 53. Nf1 Kg5
54. Ne3 Ra6 55. Rc2 Ra3 56. Rb2 h4 57. Rc2 h3 58. Rc1 Rd3 59. Rf1 Kh4 60. Ke2
Bg4+ 61. Kf2 Bf3 62. Rg1 Rd2+ 63. Kf1 h2 0-1

[Event "ch-ISR 2016"]
[Site "Tiberias ISR"]
[Date "2016.12.09"]
[Round "5.15"]
[White "Frenkel, Ran"]
[Black "Kraus, Yair"]
[Result "1-0"]
[WhiteElo "2201"]
[BlackElo "2218"]
[WhiteFideId "2815974"]
[BlackFideId "2804786"]
[EventDate "2016.12.05"]

1. d4 Nf6 2. Nc3 d5 3. Bf4 c5 4. e3 cxd4 5. exd4 a6 6. h3 Nc6 7. Nf3 g6 8. Bd3
Bg7 9. O-O O-O 10. Qd2 Ne8 11. Bh6 f6 12. Rfe1 b5 13. a3 Qd6 14. Bf4 e5 15. Bg3
Qe6 16. dxe5 fxe5 17. Rad1 Rxf3 18. gxf3 Nd4 19. Qe3 Qf7 20. f4 Bxh3 21. fxe5
Nf3+ 22. Kh1 Be6 23. Ne2 g5 24. Kg2 h5 25. Rh1 h4 26. Bh2 Nc7 27. Nd4 Nxd4 28.
Qxd4 Bh3+ 29. Kxh3 Qf3+ 30. Bg3 Ne6 31. Be2 Qxe2 32. Qxd5 Re8 33. Rd2 Qh5 34.
Kg2 Qg4 35. Re1 Rd8 36. Qxd8+ Nxd8 37. Rxd8+ Kh7 38. e6 hxg3 39. f3 Qc4 40. e7
Qxc2+ 41. Kxg3 Qc7+ 42. Kg2 Qc2+ 43. Kf1 Qb3 44. Kf2 Qxb2+ 45. Re2 Bd4+ 46. Rxd4
Qxd4+ 47. Kg2 g4 48. e8=Q gxf3+ 49. Kxf3 1-0

[Event "ch-ISR 2016"]
[Site "Tiberias ISR"]
[Date "2016.12.10"]
[Round "6.1"]
[White "Postny, Evgeny"]
[Black "Baron, Tal"]
[Result "1/2-1/2"]
[WhiteTitle "GM"]
[BlackTitle "GM"]
[WhiteElo "2620"]
[BlackElo "2536"]
[WhiteFideId "2804344"]
[BlackFideId "2809958"]
[EventDate "2016.12.05"]

1. d4 Nf6 2. c4 g6 3. Nf3 Bg7 4. g3 c5 5. Bg2 cxd4 6. Nxd4 O-O 7. O-O d5 8. cxd5
Nxd5 9. Nc3 Nxc3 10. bxc3 Nc6 11. Be3 Bd7 12. Nxc6 Bxc6 13. Bxc6 bxc6 14. Qa4
Bxc3 15. Rac1 Qa5 16. Qxc6 Rac8 17. Qe4 Bf6 18. a4 h5 19. Rb1 Rb8 20. Rfc1 Rfd8
21. Kg2 Rxb1 22. Rxb1 a6 23. Bb6 Qd5 24. Qxd5 Rxd5 25. Rc1 a5 26. Rc4 Bb2 27. e4
Rd1 28. Bxa5 Bd4 29. Rc8+ Kg7 30. Rd8 e5 31. Bc3 Kf6 32. Bxd4 exd4 33. Kf3 Rd2
34. Rd6+ Ke5 35. Rd5+ Ke6 36. h4 Kf6 37. Rd6+ Ke5 38. Rd5+ Ke6 39. Ra5 Ra2 40.
Ra6+ Ke5 41. Ra5+ Ke6 42. Ra8 Ke5 43. Re8+ Kf6 44. Ra8 Ke5 45. Ra5+ 1/2-1/2

[Event "ch-ISR 2016"]
[Site "Tiberias ISR"]
[Date "2016.12.10"]
[Round "6.2"]
[White "Boruchovsky, Avital"]
[Black "Dvoirys, Semen I."]
[Result "1/2-1/2"]
[WhiteTitle "GM"]
[BlackTitle "GM"]
[WhiteElo "2530"]
[BlackElo "2534"]
[WhiteFideId "2800055"]
[BlackFideId "4100379"]
[EventDate "2016.12.05"]

1. e4 c5 2. Nf3 d6 3. Bb5+ Bd7 4. Bxd7+ Qxd7 5. c4 Nf6 6. Nc3 e6 7. d4 cxd4 8.
Nxd4 Be7 9. O-O O-O 10. Be3 a6 11. Qe2 Nc6 12. Rfd1 Qc7 13. Rac1 Rac8 14. b3 Qa5
15. f3 Rfe8 16. Na4 d5 17. cxd5 exd5 18. e5 Nd7 19. f4 Ba3 20. Rc2 Nf8 21. Qg4
Ne6 22. Nxc6 Rxc6 23. Rxc6 bxc6 24. f5 Nf8 25. Bh6 g6 26. Qg3 Qc7 27. Re1 Bb4
28. Re2 Qa7+ 29. Be3 Qd7 30. Qf4 a5 31. g4 Qe7 32. Bd4 c5 33. Bc3 d4 34. Bxb4 d3
35. Re1 cxb4 36. Nb2 Qc5+ 37. Qf2 d2 38. Rd1 Qxe5 39. Rxd2 Qe4 40. h3 Qb1+ 41.
Nd1 h6 42. Kh2 Qe4 43. Qg3 Nh7 44. fxg6 fxg6 45. Nf2 Qe1 46. Qd6 1/2-1/2

[Event "ch-ISR 2016"]
[Site "Tiberias ISR"]
[Date "2016.12.10"]
[Round "6.3"]
[White "Mikhalevski, Victor"]
[Black "Nabaty, Tamir"]
[Result "1/2-1/2"]
[WhiteTitle "GM"]
[BlackTitle "GM"]
[WhiteElo "2503"]
[BlackElo "2649"]
[WhiteFideId "2801914"]
[BlackFideId "2809052"]
[EventDate "2016.12.05"]

1. d4 d5 2. c4 e6 3. Nf3 Nf6 4. g3 dxc4 5. Bg2 c5 6. O-O Nc6 7. dxc5 Qxd1 8.
Rxd1 Bxc5 9. Nbd2 c3 10. bxc3 O-O 11. Nb3 Be7 12. c4 Bd7 13. Bb2 Rfd8 14. Ne5
Rac8 15. Rac1 Kf8 16. Nd3 b6 17. c5 Be8 18. cxb6 axb6 19. Rd2 Na5 20. Rxc8 Rxc8
21. Bd4 Ba3 22. Bb2 Bd6 23. Bd4 Ke7 24. Rd1 Nc4 25. Rc1 Rc7 26. f4 Nd7 27. Bxg7
f6 28. f5 exf5 29. Nd4 Ne3 30. Bh6 Rxc1+ 31. Nxc1 f4 32. Bxf4 Bxf4 33. gxf4 Nxg2
34. Kxg2 Kd6 35. Kf3 Kd5 36. Nf5 Nc5 37. Ke3 Bd7 38. Ng3 Kc4 39. Nh5 f5 40. Nf6
h6 41. Nb3 Bc8 42. Nd4 Nb7 43. a4 Nd6 44. h4 Kb4 45. h5 Kxa4 46. Nd5 Ka5 47. Nf6
Kb4 48. Nd5+ Kc5 49. Ne7 Nc4+ 50. Kd3 Nb2+ 51. Kc3 Nd1+ 52. Kd3 Ba6+ 53. Kd2
Kxd4 54. Nxf5+ Ke4 55. Nxh6 Nf2 56. Ng8 Kf5 57. h6 Ne4+ 58. Kc2 Nf6 59. e4+ Kxe4
60. Nxf6+ Kd4 61. Kd2 Bd3 62. Nd5 Bh7 63. Nc7 Ke4 64. Ne6 Bg6 65. Kc3 Kf5 66.
Nf8 Kf6 67. Nd7+ Kf5 68. Nf8 Kf6 69. Kd4 Bb1 70. Kd5 b5 71. Kc5 Kf7 72. h7 Kg7
73. Kxb5 Bxh7 74. Nxh7 Kxh7 75. Kc5 Kg6 76. Kd4 1/2-1/2

[Event "ch-ISR 2016"]
[Site "Tiberias ISR"]
[Date "2016.12.10"]
[Round "6.4"]
[White "Kobo, Ori"]
[Black "Roiz, Michael"]
[Result "1/2-1/2"]
[WhiteTitle "IM"]
[BlackTitle "GM"]
[WhiteElo "2480"]
[BlackElo "2608"]
[WhiteFideId "2812320"]
[BlackFideId "2804158"]
[EventDate "2016.12.05"]

1. e4 e5 2. Nf3 Nc6 3. Bb5 Nf6 4. O-O Nxe4 5. Re1 Nd6 6. a4 Be7 7. Nc3 O-O 8. d4
e4 9. Nxe4 Nxe4 10. Rxe4 a6 11. Bd3 d5 12. Re3 Nb4 13. Bf1 Bf5 14. c3 Nc6 15.
Re1 Qd7 16. Bf4 Rfe8 17. a5 Bd6 18. Bxd6 Qxd6 19. Qb3 Rxe1 20. Nxe1 Rb8 21. g3
Nd8 22. Bd3 Bxd3 23. Nxd3 Ne6 24. Re1 c6 25. Re3 Qd7 26. h4 Re8 27. Kg2 Re7 28.
Qb6 f6 29. Qb3 Qe8 30. Qb4 Qd7 31. Kf1 Kf7 32. Re2 Qc7 33. Ke1 Qd7 34. Kd2 Qc7
35. Re3 Qd7 36. Re1 Qc7 37. Re3 Qd7 38. Kc2 Qc7 39. Kb3 h5 40. Qb6 Qd6 41. Kc2
g6 42. Kd2 Qd7 43. Qb4 Qc7 44. Qa3 Qd8 45. Qa4 Nc7 46. Qb4 1/2-1/2

[Event "ch-ISR 2016"]
[Site "Tiberias ISR"]
[Date "2016.12.10"]
[Round "6.5"]
[White "Golod, Vitali"]
[Black "Reshef, Omer"]
[Result "1/2-1/2"]
[WhiteTitle "GM"]
[BlackTitle "IM"]
[WhiteElo "2549"]
[BlackElo "2435"]
[WhiteFideId "2804140"]
[BlackFideId "2804336"]
[EventDate "2016.12.05"]

1. d4 d5 2. c4 c6 3. Nf3 Nf6 4. e3 g6 5. Nc3 Bg7 6. Be2 O-O 7. O-O Bg4 8. cxd5
cxd5 9. Qb3 b6 10. h3 Bc8 11. Bd2 Bb7 12. Rfc1 Nc6 13. Be1 e6 14. a4 Qb8 15. Na2
Rc8 16. Rc2 Na5 17. Rxc8+ Bxc8 18. Qc2 Bd7 19. Ne5 Qc8 20. Qxc8+ Rxc8 21. Nxd7
Nxd7 22. Nc3 Bf8 23. Nb5 Nb3 24. Rb1 a6 25. Nc3 Nb8 26. Na2 Bd6 27. Kf1 f5 28.
Bd1 Na5 29. Rc1 Rxc1 30. Nxc1 Nac6 31. Nd3 a5 32. Be2 Nd7 33. g4 Kf7 34. g5 Be7
35. f4 Ndb8 36. Nf2 Nb4 37. Nd1 N8a6 38. h4 Nc7 39. Nc3 Kg7 40. Bd2 h5 41. Ke1
Kf7 42. Kd1 Bf8 43. Be1 Bd6 44. Nb1 Ke7 45. Nd2 Kd8 46. Nf3 Nc6 47. Bc3 Kc8 48.
Nd2 Kb7 49. Nf1 Ne8 50. Ng3 Ng7 51. Bb5 Na7 52. Be2 Nc6 53. Bb5 Na7 54. Be2 1/2-1/2

[Event "ch-ISR 2016"]
[Site "Tiberias ISR"]
[Date "2016.12.10"]
[Round "6.6"]
[White "Shachar, Ehud"]
[Black "Soffer, Ram"]
[Result "1/2-1/2"]
[WhiteTitle "FM"]
[BlackTitle "GM"]
[WhiteElo "2356"]
[BlackElo "2488"]
[WhiteFideId "2802198"]
[BlackFideId "2800101"]
[EventDate "2016.12.05"]

1. e4 e5 2. Nf3 Nc6 3. Bb5 a6 4. Ba4 Nf6 5. O-O b5 6. Bb3 Bc5 7. d3 d6 8. c3 h6
9. h3 O-O 10. Re1 Bb6 11. Nbd2 Ne7 12. a4 Rb8 13. Nf1 Ng6 14. a5 Ba7 15. d4 c5
16. Bc2 c4 17. Be3 Qc7 18. Qd2 Nh5 19. N1h2 Nhf4 20. h4 f6 21. g3 Ne6 22. b4 Rb7
23. Rad1 Nd8 24. h5 Ne7 25. Nh4 Nf7 26. f4 Rd8 27. Qf2 Be6 28. Ng6 Re8 29. Rf1
Qb8 30. Rd2 Bh3 31. Rfd1 Be6 32. Rf1 Bh3 33. Rfd1 Be6 34. Rf1 1/2-1/2

[Event "ch-ISR 2016"]
[Site "Tiberias ISR"]
[Date "2016.12.10"]
[Round "6.7"]
[White "Givon, Asaf"]
[Black "Steinberg, Nitzan"]
[Result "1-0"]
[WhiteTitle "IM"]
[BlackTitle "IM"]
[WhiteElo "2471"]
[BlackElo "2476"]
[WhiteFideId "2801841"]
[BlackFideId "2801795"]
[EventDate "2016.12.05"]

1. e4 e5 2. Nf3 Nc6 3. Bb5 a6 4. Ba4 Nf6 5. O-O Be7 6. Re1 b5 7. Bb3 O-O 8. c3
d6 9. d4 Bg4 10. Be3 Bh5 11. a4 Na5 12. Bc2 d5 13. dxe5 Nxe4 14. Nbd2 f5 15.
exf6 Nxf6 16. Qb1 g6 17. h3 Nc4 18. axb5 Nxe3 19. Rxe3 Bc5 20. Nd4 Qd6 21. Rxa6
Rxa6 22. bxa6 g5 23. N2b3 Bb6 24. Nf5 Qd7 25. Nbd4 Re8 26. Qc1 Ne4 27. Rxe4 1-0

[Event "ch-ISR 2016"]
[Site "Tiberias ISR"]
[Date "2016.12.10"]
[Round "6.8"]
[White "Chernomordik, Pavel"]
[Black "Gruenfeld, Yehuda"]
[Result "1-0"]
[WhiteTitle "FM"]
[BlackTitle "GM"]
[WhiteElo "2254"]
[BlackElo "2436"]
[WhiteFideId "2804530"]
[BlackFideId "2800020"]
[EventDate "2016.12.05"]

1. e4 c5 2. f4 e6 3. Nf3 Nc6 4. Nc3 Nf6 5. Bb5 Be7 6. Bxc6 bxc6 7. e5 Nd5 8. d3
O-O 9. O-O Ba6 10. Rf2 c4 11. d4 Nxc3 12. bxc3 Qa5 13. a4 Rab8 14. Ba3 Bxa3 15.
Rxa3 Qd5 16. Ra1 h6 17. Qd2 f5 18. exf6 Rxf6 19. Ne5 Rb7 20. Ng4 Rf8 21. Ne3 Qe4
22. Raf1 d6 23. f5 e5 24. dxe5 Qxe5 25. f6 Rbf7 26. Rf5 Qe6 27. Ng4 Kh7 28. h3
Bb7 29. Rh5 Rxf6 30. Nxf6+ Rxf6 31. Rxf6 Qxf6 32. Qd4 Qe6 33. Rh4 c5 34. Qxc4
Qe1+ 35. Kh2 Qe5+ 36. Qf4 Qxc3 37. Rg4 Qf6 38. Qxf6 gxf6 39. a5 Bc6 40. Rg3 Be4
41. c4 f5 42. a6 d5 43. cxd5 Bxd5 44. Rd3 Bc6 45. Rb3 Kg6 46. Rc3 1-0

[Event "ch-ISR 2016"]
[Site "Tiberias ISR"]
[Date "2016.12.10"]
[Round "6.9"]
[White "Birnboim, Nathan"]
[Black "Drori, Saar"]
[Result "0-1"]
[WhiteTitle "IM"]
[BlackTitle "FM"]
[WhiteElo "2365"]
[BlackElo "2318"]
[WhiteFideId "2800209"]
[BlackFideId "2812444"]
[EventDate "2016.12.05"]

1. d4 Nf6 2. c4 c5 3. d5 e6 4. Nc3 exd5 5. cxd5 d6 6. Nf3 g6 7. g3 Bg7 8. Bg2
O-O 9. O-O Re8 10. Bf4 a6 11. a4 Nh5 12. Bg5 Qc7 13. Qd2 Nd7 14. Rfc1 Ne5 15.
Nxe5 Bxe5 16. a5 b5 17. axb6 Qxb6 18. Na4 Qb5 19. Ra3 Rb8 20. b3 Bd7 21. Nb2
Bxb2 22. Qxb2 c4 23. Bf3 cxb3 24. Bh6 Re5 25. g4 Nf6 26. Bf4 Nxg4 27. Bxg4 Bxg4
28. Bxe5 dxe5 29. f3 Bh3 30. Kf2 Qxd5 31. Rxa6 e4 32. Kg3 Be6 33. h4 Qf5 34. Kf2
Qf4 35. Rc3 e3+ 36. Kg2 Qxh4 37. Rxe6 fxe6 38. Rxe3 Qg5+ 39. Kf2 Qc5 40. f4 e5
41. Kf3 exf4 42. Re4 Qd5 43. Kxf4 Rf8+ 44. Ke3 Qc5+ 45. Rd4 Rd8 46. Qxb3+ Kh8
47. Qb2 Qxd4+ 48. Qxd4+ Rxd4 49. Kxd4 Kg7 50. Kc5 Kf7 51. Kd6 Ke8 52. Kd5 0-1

[Event "ch-ISR 2016"]
[Site "Tiberias ISR"]
[Date "2016.12.10"]
[Round "6.10"]
[White "Gamayev, Oleg"]
[Black "Zanan, Evgeny"]
[Result "1/2-1/2"]
[BlackTitle "FM"]
[WhiteElo "2238"]
[BlackElo "2434"]
[WhiteFideId "2802813"]
[BlackFideId "24101940"]
[EventDate "2016.12.05"]

1. Nf3 d5 2. g3 Nf6 3. Bg2 c6 4. O-O Bg4 5. b3 Nbd7 6. c4 e6 7. d3 Bd6 8. Ba3
Qe7 9. Bxd6 Qxd6 10. Nbd2 O-O 11. Qc2 Rfe8 12. Rac1 a5 13. Qb2 Qb4 14. a3 Qb6
15. d4 Qa6 16. e3 Rac8 17. Rfe1 Qb6 18. Rc2 Bf5 19. Rcc1 h6 20. Red1 Bg4 21. Re1
Red8 22. Rc2 Bf5 23. Rcc1 Ne4 24. Red1 Ndf6 25. Nxe4 Bxe4 26. Ne5 Bxg2 27. Kxg2
dxc4 28. Rxc4 Rd5 29. Rdc1 Rcd8 30. Rc5 Ne4 31. Rxd5 Rxd5 32. Qc2 Nf6 33. Nd3
Nd7 34. Qc3 Rb5 35. Rb1 Rd5 36. Rc1 e5 37. dxe5 Qb5 38. Nf4 Rc5 39. Qd2 Rxc1 40.
Qxc1 Qxb3 41. Qd2 Nxe5 42. Qxa5 Qb2 43. Nd3 Nxd3 44. Qd8+ Kh7 45. Qxd3+ g6 46.
Qd7 Qb3 47. e4 Qc4 48. Qxb7 Qxe4+ 49. Kg1 Kg7 50. Qb2+ Kg8 51. Qb8+ Kh7 52. Qb7
Qe1+ 53. Kg2 Qe6 54. a4 Qe4+ 1/2-1/2

[Event "ch-ISR 2016"]
[Site "Tiberias ISR"]
[Date "2016.12.10"]
[Round "6.11"]
[White "Mindlin, Alon"]
[Black "Frenkel, Ran"]
[Result "1-0"]
[WhiteTitle "IM"]
[WhiteElo "2428"]
[BlackElo "2201"]
[WhiteFideId "2800071"]
[BlackFideId "2815974"]
[EventDate "2016.12.05"]

1. d4 Nf6 2. c4 g6 3. Nc3 Bg7 4. e4 d6 5. f3 O-O 6. Be3 c5 7. Nge2 Qa5 8. Nc1
cxd4 9. Nb3 Qh5 10. Nxd4 Nc6 11. Be2 Qh4+ 12. Bf2 Qg5 13. g4 h5 14. h3 Nxd4 15.
Bxd4 Be6 16. Qc1 Qa5 17. Qd2 Rfc8 18. b3 a6 19. Rc1 b5 20. cxb5 axb5 21. O-O
hxg4 22. hxg4 Bxg4 23. fxg4 Nxe4 24. Qf4 Bxd4+ 25. Kg2 f5 26. Nxe4 Rxc1 27. Rxc1
Qxa2 28. Ng3 Qb2 29. Qg5 Kf7 30. gxf5 Rg8 31. Rh1 Rg7 32. Rh6 gxf5 33. Qh5+ Kf8
34. Rh8+ Rg8 35. Qxf5+ 1-0

[Event "ch-ISR 2016"]
[Site "Tiberias ISR"]
[Date "2016.12.10"]
[Round "6.12"]
[White "Kraus, Ohad"]
[Black "Bakalchuk, Johnatan"]
[Result "0-1"]
[BlackTitle "FM"]
[WhiteElo "2340"]
[BlackElo "2389"]
[WhiteFideId "2811812"]
[BlackFideId "2810301"]
[EventDate "2016.12.05"]

1. d4 Nf6 2. c4 g6 3. Nc3 Bg7 4. e4 d6 5. Nf3 O-O 6. Be2 Nbd7 7. O-O e5 8. Be3
c6 9. dxe5 dxe5 10. Qc2 Nh5 11. Rfd1 Qe7 12. g3 Nc5 13. Nd2 Nf6 14. Nb3 Nfd7 15.
Bg4 b6 16. Bf3 Bb7 17. Bg2 Rfd8 18. Bh3 Ne6 19. Rd2 Ba6 20. Bf1 Ndc5 21. Rxd8+
Rxd8 22. Nxc5 bxc5 23. Qa4 Bb7 24. Qa5 Bf8 25. Na4 Rb8 26. Rb1 Bc8 27. b4 Nd4
28. Nxc5 Bg4 29. Nd3 Re8 30. Bg2 Nc2 31. Bc5 Qd7 32. Bf1 Bxc5 33. Qxc5 Nd4 34.
Ne1 f5 35. Bg2 fxe4 36. Bxe4 Bf5 37. Bxf5 Qxf5 38. Rb2 Qe4 39. Ng2 Nf3+ 40. Kh1
Rd8 41. Ne3 Rd1+ 42. Nxd1 Nd2+ 0-1

[Event "ch-ISR 2016"]
[Site "Tiberias ISR"]
[Date "2016.12.10"]
[Round "6.13"]
[White "Gershkowich, David"]
[Black "Lovin, Boris"]
[Result "1-0"]
[WhiteTitle "FM"]
[WhiteElo "2191"]
[BlackElo "2254"]
[WhiteFideId "2803356"]
[BlackFideId "2808064"]
[EventDate "2016.12.05"]

1. e4 c5 2. Nf3 Nc6 3. d4 cxd4 4. Nxd4 e5 5. Nb5 a6 6. Nd6+ Bxd6 7. Qxd6 Qf6 8.
Qd1 Qg6 9. Nc3 Nge7 10. Be3 d5 11. exd5 Nb4 12. Bd3 Nxd3+ 13. Qxd3 Bf5 14. Qd2
Bxc2 15. O-O Qd3 16. Rad1 e4 17. Qc1 Bxd1 18. Rxd1 Qc4 19. d6 Rd8 20. dxe7 Kxe7
21. Re1 Rc8 22. Qd1 Rhd8 23. Qh5 h6 24. h3 Kf8 25. Bxh6 gxh6 26. Qxh6+ Kg8 27.
Nxe4 f5 28. Nf6+ Kf7 29. Nh5 Qd4 30. Qh7+ Kf8 31. Qe7+ 1-0